Pravidlá výslovnosti britskej a americkej angličtiny

Gespeichert in:
Bibliographische Detailangaben
1. Verfasser: Bázlik, Miroslav
Weitere Verfasser: Miškovičová, Jolana
Format: Buch
Sprache:Slowakisch
Englisch
Veröffentlicht: Bratislava Iura Edition 2012
Schriftenreihe:Škola
Schlagworte:
Tags: Tag hinzufügen
Keine Tags, Fügen Sie das erste Tag hinzu!

MARC

LEADER 00000nam a2200000 4500
001 0148837
005 20250814082326.1
020 |a 978-80-8078-447-8 
041 0 |a slo 
041 0 |a eng 
044 |a SK 
245 1 0 |a Pravidlá výslovnosti britskej a americkej angličtiny  |c Miroslav Bázlik, Jolana Miškovičová 
264 1 |a Bratislava  |b Iura Edition  |c 2012 
300 |a 199 s.  |e 1 CD-ROM 
490 1 |a Škola 
830 0 |a Škola 
610 2 0 |a jazykoveda 
610 2 0 |a terminológia 
610 2 0 |a jazyky cudzie 
610 2 0 |a fonetika 
610 2 0 |a gramatika 
100 1 |a Bázlik, Miroslav 
700 1 |a Miškovičová, Jolana